Online Catalogue and eLibrary

Loaded questions/ (Record no. 156)

MARC details
000 -LEADER
fixed length control field 00463nam a22001697a 4500
005 - DATE AND TIME OF LATEST TRANSACTION
control field 20231206003408.0
008 - FIXED-LENGTH DATA ELEMENTS--GENERAL INFORMATION
fixed length control field 231205b |||||||| |||| 00| 0 eng d
020 ## - INTERNATIONAL STANDARD BOOK NUMBER
ISBN 0897580354
082 ## - DDC Classification
DDC Edition Number 22
Class No. 305.5.
245 ## - TITLE STATEMENT
Title Loaded questions/
Remainder of title Women in the Military.
Statement of responsibility, etc. Transnational, Amsterdam.
250 ## - EDITION STATEMENT
Edition statement 1st.
260 ## - PUBLICATION, DISTRIBUTION, ETC.
Place of publication, distribution, etc. Washington.
Name of publisher, distributor, etc. Transnational Institute, Amsterdam.
Date of publication, distribution, etc. 1981.
300 ## - PHYSICAL DESCRIPTION
Extent (e.g. Volumes, Pages etc.) 97 p.
650 ## - SUBJECT ADDED ENTRY--TOPICAL TERM
Topical term or geographic name entry element feminism.
700 ## - ADDED ENTRY--PERSONAL NAME
Personal name Chapkis W.
Relator term (Role) Editor
942 ## - Koha item type (Biblio)
Koha item type Books in Stacks (Lending)
Holdings
Lost status Damaged status Collection code Home library Current library Date acquired Full call number Accession Number Item type
    Lending WERC Library WERC Library 12/06/2023 305.5. 269 Books in Stacks (Lending)

© WERC Library